000 00293nam a22001337a 4500
008 181210b xxu||||| |||| 00| 0 eng d
020 _a47163787
041 _aeng
080 _a510
100 _a37
101 _aMAT
245 _aLinear And Metrix Theory
_cNering.E.D
942 _2udc
_cBK
999 _c53111
_d53111